000 00674nam a2200205Ia 4500
001 6999
003 GE_BSU
008 181216s||||||||xx |||||||||||||| ||und||
040 _cGE_BSU
080 _a621.83(035.3)
100 _aАртоболевский,И.И.
245 _aМеханизмы в современной технике в 7 томах. Т.5:Кулачковые и фрикционные механизми.
245 _bСправочнае пособие.
260 _aМ.
260 _bНаука.
260 _c1981.
300 _a400стр.
653 _aМеханизмы в современной технике в 7 томах.
942 _cBK
999 _c40391
_d40391